000 00479nam a2200205Ia 4500
005 20250425161359.0
008 250425s9999 xx 000 0 und d
041 _aeng
082 _a669
100 _aHORGER, OSCAR J.
245 0 _aMETALS ENGINEERING DESIGN
250 _aS.E.
260 _aEstados Unidos
_bMcGRAW-HILL
_c1965
260 _aNEW YORK
300 _a619
500 _aASME HANDBOOK
650 _aINGENIERIA DE METALES
942 _c01
010 _a19017
999 _c208100
_d208100